000 00310nam a2200133Ia 4500
008 231017s9999 xx 000 0 und d
082 _a620.137
082 _bHAN
245 0 _aCorrosion of Reinforced Bars in Concrete
245 0 _cC.M. Hansson
260 _bC.M. Hansson
300 _c30cm
942 _cREP
999 _c604010
_d604010